<?xml version="1.0" encoding="UTF-8"?>
<collection xmlns="http://www.loc.gov/MARC21/slim">
 <record>
  <leader>02083cam a2200433   4500</leader>
  <controlfield tag="001">1123210225</controlfield>
  <controlfield tag="003">DE-627</controlfield>
  <controlfield tag="005">20240331184234.0</controlfield>
  <controlfield tag="007">tu</controlfield>
  <controlfield tag="008">960717s1958    xx |||||      00| ||fre c</controlfield>
  <datafield tag="035" ind1=" " ind2=" ">
   <subfield code="a">(DE-627)1123210225</subfield>
  </datafield>
  <datafield tag="035" ind1=" " ind2=" ">
   <subfield code="a">(DE-576)053210220</subfield>
  </datafield>
  <datafield tag="035" ind1=" " ind2=" ">
   <subfield code="a">(DE-599)BSZ053210220</subfield>
  </datafield>
  <datafield tag="035" ind1=" " ind2=" ">
   <subfield code="a">(OCoLC)1379360894</subfield>
  </datafield>
  <datafield tag="035" ind1=" " ind2=" ">
   <subfield code="a">(OCoLC)00612513</subfield>
  </datafield>
  <datafield tag="040" ind1=" " ind2=" ">
   <subfield code="a">DE-627</subfield>
   <subfield code="b">ger</subfield>
   <subfield code="c">DE-627</subfield>
   <subfield code="e">rakwb</subfield>
  </datafield>
  <datafield tag="041" ind1=" " ind2=" ">
   <subfield code="a">fre</subfield>
  </datafield>
  <datafield tag="082" ind1="0" ind2=" ">
   <subfield code="a">748</subfield>
  </datafield>
  <datafield tag="084" ind1=" " ind2=" ">
   <subfield code="a">9,10</subfield>
   <subfield code="a">1</subfield>
   <subfield code="2">ssgn</subfield>
  </datafield>
  <datafield tag="245" ind1="1" ind2="0">
   <subfield code="a">Ampoules de Terre Sainte</subfield>
   <subfield code="b">(Monza - Bobbio)</subfield>
   <subfield code="c">André Grabar. Photographies de Denise Fourmont</subfield>
  </datafield>
  <datafield tag="264" ind1=" " ind2="1">
   <subfield code="a">Paris</subfield>
   <subfield code="b">Klincksieck</subfield>
   <subfield code="c">1958</subfield>
  </datafield>
  <datafield tag="300" ind1=" " ind2=" ">
   <subfield code="a">69, 56 S.</subfield>
   <subfield code="b">Ill.</subfield>
  </datafield>
  <datafield tag="336" ind1=" " ind2=" ">
   <subfield code="a">Text</subfield>
   <subfield code="b">txt</subfield>
   <subfield code="2">rdacontent</subfield>
  </datafield>
  <datafield tag="337" ind1=" " ind2=" ">
   <subfield code="a">ohne Hilfsmittel zu benutzen</subfield>
   <subfield code="b">n</subfield>
   <subfield code="2">rdamedia</subfield>
  </datafield>
  <datafield tag="338" ind1=" " ind2=" ">
   <subfield code="a">Band</subfield>
   <subfield code="b">nc</subfield>
   <subfield code="2">rdacarrier</subfield>
  </datafield>
  <datafield tag="361" ind1="1" ind2=" ">
   <subfield code="a">Bibliothek für Technik, Kunst und Wirtschaft (Stuttgart)</subfield>
   <subfield code="5">DE-24</subfield>
   <subfield code="y">2726510981</subfield>
   <subfield code="s">A22/1258</subfield>
   <subfield code="o">Vorbesitz</subfield>
   <subfield code="0">(DE-588)36637-7</subfield>
   <subfield code="0">(DE-627)100841066</subfield>
   <subfield code="0">(DE-576)190347600</subfield>
   <subfield code="k">1971-08-XX</subfield>
  </datafield>
  <datafield tag="561" ind1=" " ind2=" ">
   <subfield code="5">DE-24</subfield>
   <subfield code="3">Exemplarsatz-ID: 2726510981, Signatur: A22/1258</subfield>
   <subfield code="a">Vorbesitz: Bibliothek für Technik, Kunst und Wirtschaft (Stuttgart) ; http://d-nb.info/gnd/36637-7 / Datierung: 1971-08-XX</subfield>
  </datafield>
  <datafield tag="583" ind1="1" ind2=" ">
   <subfield code="a">Archivierung/Langzeitarchivierung gewährleistet</subfield>
   <subfield code="f">SSG</subfield>
   <subfield code="2">pdager</subfield>
   <subfield code="5">DE-21</subfield>
  </datafield>
  <datafield tag="583" ind1="1" ind2=" ">
   <subfield code="a">Archivierung/Langzeitarchivierung gewährleistet</subfield>
   <subfield code="f">SSG</subfield>
   <subfield code="x">XA-DE-BW</subfield>
   <subfield code="2">pdager</subfield>
   <subfield code="5">DE-16</subfield>
  </datafield>
  <datafield tag="650" ind1="0" ind2="7">
   <subfield code="0">(DE-588)4127325-4</subfield>
   <subfield code="0">(DE-627)10423394X</subfield>
   <subfield code="0">(DE-576)209592680</subfield>
   <subfield code="a">Christliche Archäologie</subfield>
   <subfield code="2">gnd</subfield>
  </datafield>
  <datafield tag="650" ind1="0" ind2="7">
   <subfield code="0">(DE-588)4026535-3</subfield>
   <subfield code="0">(DE-627)104675268</subfield>
   <subfield code="0">(DE-576)208966870</subfield>
   <subfield code="a">Ikonographie</subfield>
   <subfield code="2">gnd</subfield>
  </datafield>
  <datafield tag="700" ind1="1" ind2=" ">
   <subfield code="a">Grabar, André</subfield>
   <subfield code="d">1896-1990</subfield>
   <subfield code="e">Bearb.</subfield>
   <subfield code="0">(DE-588)120355876</subfield>
   <subfield code="0">(DE-627)142065870</subfield>
   <subfield code="0">(DE-576)161171060</subfield>
   <subfield code="4">adp</subfield>
  </datafield>
  <datafield tag="700" ind1="1" ind2=" ">
   <subfield code="a">Fourmont, Denise</subfield>
   <subfield code="e">Ill.</subfield>
   <subfield code="4">ill</subfield>
  </datafield>
  <datafield tag="787" ind1="0" ind2="8">
   <subfield code="i">Rezensiert in</subfield>
   <subfield code="a">Elbern, Victor H., 1918 - 2016</subfield>
   <subfield code="t">[Rezension von: André Grabar, Les Ampoules de Terre Sainte]</subfield>
   <subfield code="d">Nürnberg : Carl, 1959</subfield>
   <subfield code="w">(DE-627)1689034866</subfield>
  </datafield>
  <datafield tag="787" ind1="0" ind2="8">
   <subfield code="i">Rezensiert in</subfield>
   <subfield code="a">Leroy, Jules</subfield>
   <subfield code="t">A. Grabar. — Les Ampoules de Terre Sainte</subfield>
   <subfield code="d">1959</subfield>
   <subfield code="w">(DE-627)1806009234</subfield>
  </datafield>
  <datafield tag="935" ind1=" " ind2=" ">
   <subfield code="a">mteo</subfield>
  </datafield>
  <datafield tag="951" ind1=" " ind2=" ">
   <subfield code="a">BO</subfield>
  </datafield>
  <datafield tag="991" ind1=" " ind2=" ">
   <subfield code="a">Rezensiertes Werk</subfield>
  </datafield>
  <datafield tag="999" ind1=" " ind2=" ">
   <subfield code="a">KXP-PPN1123210225</subfield>
   <subfield code="e">4077400791</subfield>
  </datafield>
 </record>
</collection>
